000 00712nam a2200277Ia 4500
001 18450
005 20240113235846.0
007 ta
008 060118s1960 a g b000 u 465 u
040 _aCotton College,Asaam
041 _a465
082 _a572.9541
_bB 288 Id
100 _aBaruah, Tapan Kumar M. .
245 0 _aThe Idu Mishmis /
_cTapan Kumar M. Baruah.
_hTextual Documents
250 _a1st ed. /
260 _aShillong :
_bP.C. Gupta ,
_c1960.
300 _axii,110p. :
_bill ;
_c22cm .
504 _aIndex
653 _aAnthropology
653 _aIdu Mishmis
653 _aG-Anthropology
942 _2ddc
_cBK
999 _c18432
_d18432